00841nam a22002057a 450000500170000000800430001702000340006002000240009405000270011810000200014524500590016525000220022426000790024630000350032550000420036050500930040265000600049565000430055570000370059820220504135122.0220504b mx ||||| |||| 00| 0 spa d a9786070302848 (obra completa) a9786070302879 (v.1)04aF1219.1.M64 bB43 20111 aBeals, Ralph L.10aObras /cRalph L. Beals ; prólogo, Robert V. Kemper  aPrimera edición aMéxico :bSiglo XXI :bINAH :bCONACULTA :bEl Colegio de Sinaloa,c2011 avolúmenes : bmapas ;c23 cm aLa biblioteca solo cuenta con el v.1. tv.1 Etnohistoria del Noroeste de México --tv.2 Etnografía del Noroeste de México. 72lembaIndios de México zMéxico, Norte dexHistoria 72lembaEtnohistoriazMéxico, Norte de1 aKempler, Robert V.,eprologuista